000 00466nam a22001817a 4500
003 OSt
005 20140310184351.0
008 121113t xxu||||| |||| 00| 0 eng d
020 _a0590459112
050 _aLC 2741
_b.H37 2001
245 _aSeperate but not equal :
_bthe Dream and the struggle /
_cJim Haskins
260 _aNew York :
_bScholastic Inc.,
_c2001.
521 _aG12
526 _c1230
562 _e1
942 _2lcc
_cBK-SCHOLAS
999 _c33939
_d33939